00598nam a22001817a 450000500170000001000150001702000260003203500140005803700130007208200120008524500960009726000450019327000660023830000240030450000430032870000260037170000190039720210510110057.0 aENG-124514 a9780199483167c850.00 aEN-108046 bDBAD/PUB a320.954 aDr Ambedkar and democracy:ced. by Christophe Jaffrelot [and] Narender Kumarban anthology/ aNew DelhibOxford University Pressc2018 bNew Delhie110002a2/11 Ground Floor, Ansari Road, Daryaganj, alvi,265pc22cm.(Hb) aIt includes index and about the editor aChristophe Jaffrelot  aNarender Kumar